Detalles MARC
| 000 -LIDER |
| fixed length control field |
01309cam a22003017i 4500 |
| 001 - NÚMERO DE CONTROL |
| Identificador de número de control |
|
| 003 - IDENTIFICACDOR DE NÚMERO DE CONTROL |
| control field |
DO-SdBNP |
| 005 - DATE AND TIME OF LATEST TRANSACTION |
| control field |
20210602111237.0 |
| 008 - ELEMENTOS DE LONGITUD FIJA |
| fixed length control field |
180511m2016 dr a 001 0aspa d |
| 010 ## - NUMERO DE CONTROL DE BIBLIOTECA DEL CONGRESO |
| LC control number |
|
| 020 ## - ISBN |
| International Standard Book Number |
9789945167535 (v.1) |
| Qualifying information |
|
| 040 ## - FUENTE DE CATALOGACIÓN |
| Agencia que crea de manera original el registro |
BPMSU |
| Idioma de catalogación |
spa |
| Agencia que realiza la transcripción |
BPMSU |
| 082 ## - NÚMERO DE CLASIFICACIÓN DECIMAL DE DEWEY |
| Classification number |
928.7293 |
| Item number |
V422i |
| Edition number |
22 |
| 100 1# - ASIENTO PRINCIPAL -- NOMBRE PERSONAL |
| Nombre personal |
Vega, Bernardo, |
| Fechas asociadas con el nombre |
1938- |
| Mención de responsabilidad |
|
| 245 10 - MENCIÓN DE TITULO |
| Título |
Intimidades en la era global : |
| Subtítulo |
memorias de Bernardo Vega de Boyrie / |
| Mención de responsabilidad |
Bernardo Vega. |
| 246 30 - VARIACION DEL TÍTULO |
| Título propiamente dicho o título corto |
Memorias de Bernardo Vega de Boyrie |
| 260 ## - PUBLICACIÓN, DISTRIBUCIÓN, ETC. (PIE DE IMPRENTA) |
| Lugar de publicación, distribución, etc |
Santo Domingo: |
| Nombre del editor, distribuidor, etc. |
Fundación Cultural Dominicana, |
| Fecha de publicación, distribución, etc |
2016 |
| 300 ## - DESCRIPCIÓN FÍSICA |
| Extensión |
vs : |
| Otros detalles físicos |
ils ; |
| Dimensiones |
23 cm |
| 500 ## - NOTA GENERAL |
| Nota general |
Includes índice |
| 500 ## - NOTA GENERAL |
| Nota general |
Incluye datos biográficos del autor en la solapa de la cubierta |
| 505 0# - NOTA DE CONTENIDO |
| Texto normalizado de contenido |
v.1 : Introducción -- Los recuerdos de un niño -- El Instituto Escuela y el Colegio de la Salle -- La autera educación inglesa -- Las primeras inquietudes políticas -- Se caen las escamas de mis ojos -- Observando desde Cabo Rojo los últimos esteroides de la dictadura -- Trabajando para el Consejo del Estado. |
| 590 ## - NOTA LOCAL |
| Enlace |
Inventariado, 2021/VM |
| 600 14 - ENCABEZAMIENTO DE MATERIA--NOMBRE PERSONAL |
| Nombre personal |
Vega, Bernardo, |
| Fechas asociadas con el nombre |
1938- |
| Subdivisión de forma |
Memorias |
| 650 #4 - ENCABEZAMIENTO DE MATERIA--TEMÁTICO |
| Término temático o nombre geográfico como elemento de entrada |
Historiadores |
| Subdivisión geográfica |
República Dominicana |
| Subdivisión de forma |
Biografías |
| 650 #4 - ENCABEZAMIENTO DE MATERIA--TEMÁTICO |
| Término temático o nombre geográfico como elemento de entrada |
Economistas |
| Subdivisión geográfica |
República Dominicana |
| Subdivisión de forma |
Biografías |
| 910 ## - VALIDACIÓN |
| Validación |
VMateo |
| 942 ## - ADDED ENTRY ELEMENTS (KOHA) |
| Source of classification or shelving scheme |
Dewey Decimal Classification |
| Koha item type |
Libros |